[Event "Miranda Waraira CC op"]
[Site "Miranda"]
[Date "2022.08.27"]
[Round "3"]
[White "Lugo Vargas, Juan Diego"]
[Black "Velasquez Font, Majeiqueilin Valent"]
[Result "0-1"]
[WhiteElo "1484"]
[BlackElo "1335"]
[PlyCount "84"]
[EventDate "2022.08.26"]
[EventType "swiss"]
[EventRounds "5"]
[EventCountry "VEN"]
[SourceTitle "EXT 2024"]
[Source "ChessBase"]
[SourceDate "2023.10.10"]
[SourceVersion "1"]
[SourceVersionDate "2023.10.10"]
[SourceQuality "1"]

1. d4 d5 2. c4 c6 3. Nc3 Nf6 4. Bf4 e6 5. cxd5 exd5 6. e3 Qb6 7. Qc2 Be7 8. Bd3 0-0 9. Nge2 Nbd7 10. 0-0 Re8 11. Rfe1 Nf8 12. f3 Ne6 13. Be5 g6 14. Rac1 Qd8 15. h3 Bd6 16. Kh1 Bxe5 17. dxe5 Nd7 18. f4 Nec5 19. Nd4 Nxd3 20. Qxd3 Nc5 21. Qc2 Ne6 22. Nce2 Ng7 23. b4 Bf5 24. Qc5 Qb6 25. b5 cxb5 26. Nxb5 Ne6 27. Qxb6 axb6 28. Nc7 Nxc7 29. Rxc7 Rec8 30. Rxc8+ Rxc8 31. Ng3 Be4 32. Nxe4 dxe4 33. Rb1 Rc6 34. Rb4 Rc2 35. Rxb6 Rxa2 36. Rb4 b5 37. Rxe4 Ra4 38. Rd4 Rxd4 39. exd4 b4 40. d5 Kf8 41. g4 b3 42. f5 b2 0-1

[Event "VEN-ch U17 Girls"]
[Site "Caracas"]
[Date "2019.08.09"]
[Round "6"]
[White "Velasquez Font, Majeiqueilin Valent"]
[Black "Gonzalez Gomez, Daniela Carolina"]
[Result "0-1"]
[WhiteElo "1269"]
[BlackElo "1373"]
[PlyCount "66"]
[EventDate "2019.08.07"]
[EventType "swiss"]
[EventRounds "9"]
[EventCountry "VEN"]
[SourceTitle "EXT 2020"]
[Source "ChessBase"]
[SourceDate "2019.10.17"]
[SourceVersion "1"]
[SourceVersionDate "2019.10.17"]
[SourceQuality "1"]

1. d4 d5 2. c4 e6 3. Nc3 Nf6 4. Bg5 Be7 5. Nf3 h6 6. Bh4 0-0 7. e3 c6 8. Bd3 Nbd7 9. 0-0 b6 10. Rc1 dxc4 11. Bxc4 Nd5 12. Bxe7 Qxe7 13. e4 Nf4 14. d5 cxd5 15. exd5 exd5 16. Nxd5 Nxd5 17. Bxd5 Rb8 18. Rc7 a6 19. Bc6 Qc5 20. Re1 Nf6 21. Re5 Qb4 22. Qd4 Qxd4 23. Nxd4 Rd8 24. Nc2 Be6 25. Bb7 a5 26. b3 Rd2 27. Bf3 Rbd8 28. Kf1 Bg4 29. Bxg4 Nxg4 30. Re2 Nxh2+ 31. Kg1 Rxc2 32. Kxh2 Rxe2 33. Kg1 Rdd2 0-1

[Event "VEN-ch U17 Girls"]
[Site "Caracas"]
[Date "2019.08.08"]
[Round "3"]
[White "Guillen Carrillo, Macjos Neritza"]
[Black "Velasquez Font, Majeiqueilin Valent"]
[Result "1-0"]
[WhiteElo "1551"]
[BlackElo "1269"]
[PlyCount "77"]
[EventDate "2019.08.07"]
[EventType "swiss"]
[EventRounds "9"]
[EventCountry "VEN"]
[SourceTitle "EXT 2020"]
[Source "ChessBase"]
[SourceDate "2019.10.17"]
[SourceVersion "1"]
[SourceVersionDate "2019.10.17"]
[SourceQuality "1"]

1. c4 e5 2. Nc3 Nf6 3. Nf3 Bb4 4. Nxe5 d6 5. Nf3 Nc6 6. a3 Bxc3 7. dxc3 Be6 8. e3 0-0 9. Nd4 Qd7 10. Be2 Na5 11. b3 c5 12. Nxe6 Qxe6 13. Bf3 Rad8 14. 0-0 d5 15. cxd5 Nxd5 16. Qc2 Nc6 17. c4 Nf6 18. Bb2 Rfe8 19. Rfd1 b6 20. Rxd8 Rxd8 21. Rd1 Rxd1+ 22. Qxd1 h6 23. Bxc6 Qxc6 24. Qd8+ Ne8 25. h3 Qe4 26. Kh2 Qe6 27. Qd5 Qg6 28. Qd7 f6 29. b4 Kf8 30. bxc5 bxc5 31. Qxa7 Qc2 32. Qxc5+ Kf7 33. Bd4 Qxf2 34. Qd5+ Kg6 35. Qe4+ Kf7 36. Bc5 Qb2 37. Qe7+ Kg6 38. Qxe8+ Kg5 39. Bd6 1-0

[Event "VEN-ch U17 Girls"]
[Site "Caracas"]
[Date "2019.08.07"]
[Round "2"]
[White "Velasquez Font, Majeiqueilin Valent"]
[Black "Perez Hernandez, Vicmary C"]
[Result "1/2-1/2"]
[WhiteElo "1269"]
[BlackElo "1739"]
[PlyCount "78"]
[EventDate "2019.08.07"]
[EventType "swiss"]
[EventRounds "9"]
[EventCountry "VEN"]
[SourceTitle "EXT 2020"]
[Source "ChessBase"]
[SourceDate "2019.10.17"]
[SourceVersion "1"]
[SourceVersionDate "2019.10.17"]
[SourceQuality "1"]

1. d4 Nf6 2. c4 g6 3. Nc3 Bg7 4. e4 d6 5. f4 0-0 6. Nf3 c5 7. d5 e6 8. dxe6 Bxe6 9. Bd3 Nc6 10. 0-0 Re8 11. Qe1 Nb4 12. Qe2 Bf5 13. Re1 Qc7 14. a3 Nxd3 15. Qxd3 Bd7 16. e5 dxe5 17. Nxe5 Ng4 18. Nd5 Nxe5 19. fxe5 Qc6 20. Bf4 Bf5 21. Qf3 Qc8 22. h3 Be6 23. Rad1 Bxd5 24. Rxd5 b6 25. b3 Qb7 26. a4 Qe7 27. Qe2 Rac8 28. Red1 Rcd8 29. R1d3 Rxd5 30. Rxd5 f6 31. e6 Qxe6 32. Qxe6+ Rxe6 33. Rd7 a6 34. Ra7 b5 35. axb5 axb5 36. cxb5 Rb6 37. Ra8+ Kf7 38. Rb8 Rxb8 39. Bxb8 Ke6 1/2-1/2